00366nam a2200133Ia 4500008004100000020001500041041001200056082001600068100002000084245007200104260003200176300000800208650001600216221030s9999 xx 000 0 und d a8170081858 aEnglish a105.23bPac aV. K. Pachghare 0aComprehensive Computer Graphics (Including C++)cby V. K. Pachghare bLaxmi Pub,aNew Delhic2001 a224 aBE Computer